[Event "39th IND-chT 2019"]
[Site "Kolkata"]
[Date "2019.02.09"]
[Round "5.10"]
[White "Nitin, S.."]
[Black "Bakre, Tejas"]
[Result "1/2-1/2"]
[WhiteElo "2395"]
[BlackElo "2443"]
[Annotator "TA"]
[PlyCount "136"]
[EventDate "2019.??.??"]
[EventCountry "IND"]
[SourceTitle "playchess.com"]
[Source "ChessBase"]
[SourceQuality "1"]

{[%evp 9,136,9,15,15,14,7,27,0,10,0,12,0,0,-23,9,7,8,6,20,7,3,1,4,0,31,29,24,0,0,0,37,26,28,31,56,11,46,37,31,18,16,17,15,0,122,61,121,116,116,110,110,43,34,37,30,0,39,0,0,0,0,0,2,0,0,0,61,61,61,61,68,76,197,198,254,236,241,81,89,0,0,0,8,8,8,0,0,0,0,0,89,0,0,0,0,0,0,0,0,0,0,0,0,0,0,0,0,0,0,0,89,0,0,0,0,0,0,18,18,0,0,0,0,57,187,0,207,0,212]} 1. e4 c5 2. Nf3 d6 3. d4 cxd4 4. Qxd4 Nc6 5. Qe3 Nf6 6. Be2 {B53: Sicilian: 2...d6: Lines with Qxd4} g6 7. O-O Bg7 8. h3 {White has an edge.} O-O 9. Rd1 Nd7 (9... Be6 10. Nc3 Nd7 11. Nd5 Nc5 12. c3 Rc8 {1-0 (44) Harikrishna,P (2725)-Sarana,A (2618) St Petersburg 2018}) 10. Nc3 b6 11. Qf4 $146 ({Predecessor:} 11. b3 Bb7 12. Bb2 Rc8 {½-½ (31) Zhang,X (2318)-Huang,Q (2440) China 2018}) 11... Nde5 12. Nxe5 Nxe5 13. Qh4 Bb7 14. Bh6 Rc8 15. Bxg7 Kxg7 16. Rd4 Nc6 (16... b5 $5) 17. Rd2 Ne5 18. Rd4 Nc6 19. Rd2 Ne5 20. Qg3 a6 21. a4 Rc5 22. Ra3 f5 23. f4 Nc4 24. Bxc4 $1 Rxc4 25. exf5 Rxf5 26. Ne2 Qc8 (26... Rd5 $11 27. Rxd5 Bxd5) 27. Re3 (27. Nd4 $1 $16) 27... Rf7 {[#]} ({Better is} 27... Qc5 $14) 28. Nd4 $1 $16 Rxa4 29. c3 Bd5 30. Rde2 (30. f5 $16) 30... e6 $1 $14 31. Kh2 b5 32. Qg5 Rc4 33. Nxe6+ Bxe6 34. Rxe6 Rcxf4 35. Rxd6 {next Ree6 is good for White.} R4f5 $132 {[%mdl 2048] Black is fighting back} 36. Qg3 Qc4 37. Ree6 {[%cal Re6g6]} (37. Re5 {seems wilder.} R5f6 38. Rxf6 Rxf6 39. Re7+ Rf7 40. Qe5+) 37... Qf4 (37... Qc7 $1 $11) 38. Qxf4 $1 ({Inferior is} 38. Rxa6 Qxg3+ 39. Kxg3 Rg5+ 40. Kh2 Rf2 $17) 38... Rxf4 39. Rxa6 {[%mdl 4096] Endgame KRR-KRR} Rf2 40. b4 $1 R7f3 (40... Rc2 $16 {keeps fighting.}) 41. Ra7+ $18 Kh6 (41... Rf7 $142 42. Rxf7+ Rxf7) 42. Rc7 Rc2 43. Re4 $2 (43. Ree7 $18 {and the rest is easy.}) 43... Rfxc3 $16 44. Rxc3 (44. Rd7 $16) 44... Rxc3 {KR-KR} 45. Re5 g5 46. Rxb5 Rb3 47. Rb6+ Kg7 48. b5 h5 49. Kg1 h4 (49... Rb2 $11) 50. Rb8 (50. Kf2 $16) 50... Rb2 $11 51. b6 {And now b7 would win.} Kh7 52. b7 {Strongly threatening Kf1.} Kg7 53. Kf1 {Threatens to win with Ke1.} Kh7 54. Ke1 Kg7 55. Kd1 Kh7 56. Kc1 Rb5 57. Kc2 {Kc3 is the strong threat.} Kg7 58. Kd3 {Black must now prevent Kc4.} Rb1 59. Ke4 {Hoping for Kd5.} Rb2 {[#]} (59... Rb3 $11 {keeps the balance.}) 60. Kf5 ({White should try} 60. Kf3 $1 $16 {aiming for g4.} Rb3+ 61. Kf2) 60... Rf2+ 61. Ke5 ({Weaker is} 61. Kxg5 Rxg2+ 62. Kxh4 Rb2 $18) 61... Re2+ 62. Kf5 Rf2+ 63. Kxg5 Rxg2+ 64. Kxh4 {Ra8 would kill now.} Rb2 65. Kg4 Rb1 66. h4 (66. Kf5 $11 Rb2 67. Ke5) 66... Rb2 (66... Rb4+ $14 67. Kf3 Rb3+ 68. Ke4 Rb5) 67. h5 $2 (67. Kf5 $18) 67... Rb1 $2 (67... Rb4+ $11 {and Black stays safe.} 68. Kf5 Rb6) 68. h6+ Kh7 {Accuracy: White = 52%, Black = 63%.} 1/2-1/2

[Event "39th IND-chT 2019"]
[Site "Kolkata"]
[Date "2019.02.09"]
[Round "6.1"]
[White "Puranik, Abhimanyu"]
[Black "Ganguly, Surya Shekar"]
[Result "1/2-1/2"]
[WhiteElo "2538"]
[BlackElo "2636"]
[Annotator "TA"]
[PlyCount "71"]
[EventDate "2019.??.??"]
[EventCountry "IND"]
[SourceTitle "playchess.com"]
[Source "ChessBase"]
[SourceQuality "1"]

{[%evp 9,71,26,25,19,19,16,24,2,0,-1,3,-6,19,-22,-13,-14,-9,-3,1,-1,20,-26,-25,-19,-25,-8,-7,-7,-7,-7,0,0,0,0,0,0,0,0,0,5,10,0,12,0,14,0,0,0,0,0,0,0,0,0,0,0,0,0,0,0,0,0,0,0]} 1. e4 e5 2. Nf3 Nc6 3. Bb5 Nf6 4. d3 Bc5 5. Bxc6 dxc6 6. Nbd2 {[%cal Bb1d2,Bd2c4,Bc4e3,Be3f5][%mdl 32] C65: Ruy Lopez: Berlin Defence (3...Nf6), unusual lines and 4 0-0 Bc5} Be6 7. Qe2 Nd7 8. b3 {White has an edge.} (8. Nb3 Bb6 9. Ng5 Bxb3 10. axb3 f6 11. Nf3 Nc5 12. Nd2 Qd7 13. Nc4 Ne6 {½-½ (43) Navara,D (2738)-So,W (2765) Caleta 2019}) 8... Qe7 9. O-O $146 ({Predecessor:} 9. Bb2 f6 10. d4 exd4 11. Nxd4 Bxd4 12. Bxd4 a5 13. a4 c5 {½-½ (25) Tomczak,J (2589)-Gajewski,G (2599) Warsaw 2018}) 9... f6 10. Bb2 Bg4 11. Nc4 O-O-O 12. a3 Nf8 13. b4 Bd6 14. Ne3 h5 15. Nf5 Qd7 16. Qe3 Kb8 17. d4 Bxf5 {The position is equal.} 18. dxe5 fxe5 {[#] White must now prevent ...Be6.} 19. exf5 Qxf5 20. c4 Ng6 21. c5 Be7 $1 {Threatens to win with ...Rd3.} 22. Nxe5 Bf6 {[%cal Rg6e5]} 23. Nxg6 Qxg6 24. Bxf6 Qxf6 25. Rfe1 Rhf8 26. Rad1 a6 27. Rxd8+ Rxd8 $11 {[%mdl 4096] Endgame KQR-KQR} 28. g3 h4 29. g4 Rf8 30. h3 Qf7 31. Re2 g6 32. Kg2 Qd5+ 33. Qe4 Qb3 34. Qe3 Qd5+ 35. Qe4 Qb3 36. Qe3 {Accuracy: White = 64%, Black = 78%.} 1/2-1/2

[Event "39th IND-chT 2019"]
[Site "Kolkata"]
[Date "2019.02.09"]
[Round "6.1"]
[White "Puranik, Abhimanyu"]
[Black "Ganguly, Surya Shekhar"]
[Result "*"]
[WhiteElo "2538"]
[BlackElo "2636"]
[Annotator "TA"]
[PlyCount "22"]
[EventDate "2019.??.??"]
[EventCountry "IND"]
[SourceTitle "playchess.com"]
[Source "ChessBase"]
[SourceQuality "1"]

{[%evp 9,22,27,27,9,17,9,16,0,10,6,7,-6,19,-20,-14]} 1. e4 e5 2. Nf3 Nc6 3. Bb5 Nf6 4. d3 Bc5 5. Bxc6 dxc6 6. Nbd2 {C65: Ruy Lopez: Berlin Defence (3...Nf6), unusual lines and 4 0-0 Bc5} Be6 {The position is equal.} 7. Qe2 Nd7 8. b3 (8. Nb3 Bb6 9. Ng5 Bxb3 10. axb3 f6 11. Nf3 Nc5 12. Nd2 Qd7 13. Nc4 Ne6 {½-½ (43) Navara,D (2738)-So,W (2765) Caleta 2019}) 8... Qe7 9. O-O $146 ({Predecessor:} 9. Bb2 f6 10. d4 exd4 11. Nxd4 Bxd4 12. Bxd4 a5 13. a4 c5 {½-½ (25) Tomczak,J (2589)-Gajewski,G (2599) Warsaw 2018}) 9... f6 10. Bb2 Bg4 11. Nc4 O-O-O *

[Event "39th IND-chT 2019"]
[Site "Kolkata"]
[Date "2019.02.09"]
[Round "6.2"]
[White "Sengupta, Deep"]
[Black "Visakh N R"]
[Result "1/2-1/2"]
[WhiteElo "2555"]
[BlackElo "2505"]
[Annotator "ChessBase"]
[PlyCount "88"]
[EventDate "2019.??.??"]
[EventCountry "IND"]
[SourceTitle "playchess.com"]
[Source "ChessBase"]
[SourceQuality "1"]
[TimeControl "5400+30"]

1. e4 {[%emt 0:00:00]} e5 {[%emt 0:00:00]} 2. Nf3 {[%emt 0:00:00]} Nc6 {[%emt 0:00:00]} 3. Bc4 {[%emt 0:00:00]} Bc5 {[%emt 0:00:04]} 4. d3 {[%emt 0:00:07]} Nf6 {[%emt 0:01:38]} 5. c3 {[%emt 0:00:06]} d6 {[%emt 0:00:19]} 6. Bb3 {[%emt 0:00:08]} a6 {[%emt 0:02:15]} 7. h3 {[%emt 0:02:51]} h6 {[%emt 0:00:24]} 8. Nbd2 {[%emt 0:00:16]} O-O {[%emt 0:00:29]} 9. O-O {[%emt 0:05:53]} Re8 {[%emt 0:02:44]} 10. Re1 {[%emt 0:03:37]} Be6 {[%emt 0:00:47]} 11. Bc2 {[%emt 0:02:12]} d5 12. Nxe5 {[%emt 0:18:37]} Nxe5 {[%emt 0:15:27]} 13. d4 {[%emt 0:00:04]} Nxe4 {[%emt 0:01:20]} 14. Nxe4 {[%emt 0:11:08]} dxe4 {[%emt 0:00:52]} 15. Bxe4 {[%emt 0:01:26]} Bd5 {[%emt 0:01:57]} 16. Bxd5 {[%emt 0:03:48]} Qxd5 {[%emt 0:00:20]} 17. dxc5 {[%emt 0:01:17]} Qxc5 {[%emt 0:00:15]} 18. Bf4 {[%emt 0:02:46]} Re6 {[%emt 0:17:44]} 19. Qc2 {[%emt 0:10:22]} Rae8 {[%emt 0:01:35]} 20. Re4 {[%emt 0:01:06]} Ng6 {[%emt 0:07:14]} 21. Rxe6 {[%emt 0:00:47]} Rxe6 {[%emt 0:00:02]} 22. Be3 {[%emt 0:04:15]} Qc6 {[%emt 0:01:08]} 23. Rd1 {[%emt 0:04:52]} Rd6 {[%emt 0:01:35]} 24. Rxd6 {[%emt 0:01:18]} Qxd6 {[%emt 0:00:02]} 25. Qe4 {[%emt 0:00:15]} c6 {[%emt 0:03:25]} 26. Qe8+ {[%emt 0:02:28]} Qf8 {[%emt 0:01:44]} 27. Qxf8+ {[%emt 0:01:52]} Nxf8 {[%emt 0:03:12]} 28. g4 {[%emt 0:01:06]} f6 {[%emt 0:01:07]} 29. Kg2 {[%emt 0:00:29]} Kf7 {[%emt 0:00:12]} 30. Kf3 {[%emt 0:00:05]} Nd7 {[%emt 0:00:05]} 31. Ke4 {[%emt 0:00:27]} Ke6 {[%emt 0:01:07]} 32. h4 {[%emt 0:02:07]} Ne5 {[%emt 0:12:42]} 33. f3 {[%emt 0:00:42]} Nc4 {[%emt 0:00:59]} 34. Bc1 {[%emt 0:00:14]} g5 {[%emt 0:07:32]} 35. hxg5 {[%emt 0:03:11]} hxg5 {[%emt 0:00:30]} 36. b3 {[%emt 0:01:00]} Ne5 {[%emt 0:00:15]} 37. Be3 {[%emt 0:00:55]} Nd7 {[%emt 0:00:08]} 38. c4 {[%emt 0:00:49]} Ne5 {[%emt 0:01:20]} 39. Bd4 {[%emt 0:04:25]} Nd7 {[%emt 0:00:09]} 40. Bf2 {[%emt 0:02:46]} Ne5 {[%emt 0:00:31]} 41. Bg3 {[%emt 0:00:48]} Nd7 {[%emt 0:00:03]} 42. Bc7 {[%emt 0:01:05]} Nc5+ {[%emt 0:00:22]} 43. Kd4 {[%emt 0:00:41]} Nd7 {[%emt 0:00:06]} 44. a4 {[%emt 0:02:07]} f5 {[%emt 0:06:24] Ke4 Ke5+} 1/2-1/2

[Event "39th IND-chT 2019"]
[Site "Kolkata"]
[Date "2019.02.09"]
[Round "6.3"]
[White "Aravindh, Chithambaram VR."]
[Black "Shyam, Sundar M."]
[Result "1-0"]
[WhiteElo "2601"]
[BlackElo "2512"]
[Annotator "ChessBase"]
[PlyCount "139"]
[EventDate "2019.??.??"]
[EventCountry "IND"]
[SourceTitle "playchess.com"]
[Source "ChessBase"]
[SourceQuality "1"]
[TimeControl "5400+30"]

1. e4 {[%emt 0:00:00]} e5 {[%emt 0:00:00]} 2. Nf3 {[%emt 0:00:00]} Nc6 {[%emt 0:00:00]} 3. Bb5 {[%emt 0:00:00]} g6 {[%emt 0:00:14]} 4. O-O {[%emt 0:02:16]} Bg7 {[%emt 0:00:07]} 5. c3 {[%emt 0:00:15]} a6 {[%emt 0:00:28]} 6. Ba4 {[%emt 0:00:05]} Nge7 {[%emt 0:00:14]} 7. d4 {[%emt 0:00:36]} exd4 {[%emt 0:00:39]} 8. cxd4 {[%emt 0:00:04]} b5 {[%emt 0:00:04]} 9. Bb3 {[%emt 0:02:50]} O-O {[%emt 0:00:13]} 10. Nc3 {[%emt 0:01:12]} d6 {[%emt 0:00:07]} 11. h3 {[%emt 0:00:47]} Na5 {[%emt 0:03:45]} 12. Bg5 {[%emt 0:02:00]} h6 {[%emt 0:10:48]} 13. Bh4 {[%emt 0:01:26]} Nxb3 {[%emt 0:15:15]} 14. Qxb3 {[%emt 0:01:16]} Be6 {[%emt 0:01:24]} 15. d5 {[%emt 0:04:13]} Bd7 {[%emt 0:00:07]} 16. Rfe1 {[%emt 0:01:32]} g5 {[%emt 0:03:04]} 17. Bg3 {[%emt 0:00:39]} f5 {[%emt 0:00:09]} 18. e5 {[%emt 0:01:37]} f4 {[%emt 0:00:04]} 19. Bh2 {[%emt 0:00:15]} Kh8 {[%emt 0:02:38]} 20. Rad1 {[%emt 0:10:59]} Bf5 {[%emt 0:06:35]} 21. exd6 {[%emt 0:14:21]} cxd6 {[%emt 0:09:49]} 22. Ne2 {[%emt 0:08:41]} Be4 {[%emt 0:06:13]} 23. h4 {[%emt 0:03:11]} Rc8 {[%emt 0:06:23]} 24. Nfd4 {[%emt 0:07:21]} Bxd5 {[%emt 0:04:09]} 25. Qh3 {[%emt 0:00:18]} Ng6 {[%emt 0:02:45]} 26. Nc3 {[%emt 0:02:58]} Rxc3 {[%emt 0:04:27]} 27. bxc3 {[%emt 0:00:39]} Nxh4 {[%emt 0:00:05]} 28. Ne6 {[%emt 0:00:34]} Bxe6 {[%emt 0:00:41]} 29. Rxe6 {[%emt 0:01:24]} d5 {[%emt 0:06:03]} 30. g3 {[%emt 0:09:21]} fxg3 {[%emt 0:08:26]} 31. Bxg3 {[%emt 0:00:16]} Nf3+ {[%emt 0:07:16]} 32. Kg2 {[%emt 0:02:06]} Kh7 {[%emt 0:00:17]} 33. Qh5 {[%emt 0:07:11]} d4 {[%emt 0:00:19]} 34. Qg6+ {[%emt 0:02:33]} Kh8 {[%emt 0:00:35]} 35. Qe4 {[%emt 0:01:39]} g4 {[%emt 0:01:47]} 36. Rh1 {[%emt 0:11:29]} Qg5 {[%emt 0:00:20]} 37. Rg6 {[%emt 0:00:37]} Qf5 {[%emt 0:01:51]} 38. Qxf5 {[%emt 0:00:16]} Rxf5 {[%emt 0:00:02]} 39. cxd4 {[%emt 0:00:06]} Nxd4 {[%emt 0:00:18]} 40. Re1 {[%emt 0:00:59]} Rg5 {[%emt 0:01:48]} 41. Rxa6 {[%emt 0:00:39]} h5 {[%emt 0:00:27]} 42. Rb6 {[%emt 0:01:35]} Nf3 {[%emt 0:00:30]} 43. Rb1 {[%emt 0:00:35]} h4 {[%emt 0:00:06]} 44. Bb8 {[%emt 0:00:35]} Nd4 {[%emt 0:00:37]} 45. Rh1 {[%emt 0:00:25]} h3+ {[%emt 0:00:38]} 46. Kg3 {[%emt 0:00:05]} Nf3 {[%emt 0:00:38]} 47. Bf4 {[%emt 0:00:22]} Be5 {[%emt 0:00:18]} 48. Rb7 {[%emt 0:00:36]} h2 {[%emt 0:00:27]} 49. Bxe5+ {[%emt 0:00:55]} Rxe5 {[%emt 0:00:01]} 50. Rd1 {[%emt 0:00:18]} Re8 {[%emt 0:00:27]} 51. Rxb5 {[%emt 0:00:08]} Kg7 {[%emt 0:00:45]} 52. Kxg4 {[%emt 0:00:23]} Nd4 {[%emt 0:01:05]} 53. Rh5 {[%emt 0:00:29]} Re4+ {[%emt 0:00:26]} 54. Kg3 {[%emt 0:00:08]} Kg6 {[%emt 0:00:07]} 55. Rxh2 {[%emt 0:00:13]} Nf5+ {[%emt 0:00:01]} 56. Kf3 {[%emt 0:00:12]} Ra4 {[%emt 0:00:01]} 57. Rd2 {[%emt 0:00:22]} Nh4+ {[%emt 0:00:15]} 58. Ke2 {[%emt 0:00:20]} Re4+ {[%emt 0:00:08]} 59. Kd3 {[%emt 0:00:11]} Ra4 {[%emt 0:00:04]} 60. Kc3 {[%emt 0:01:15]} Nf3 {[%emt 0:00:09]} 61. Rg2+ {[%emt 0:00:11]} Kf5 {[%emt 0:00:06]} 62. Rb2 {[%emt 0:00:07]} Ra3+ {[%emt 0:00:36]} 63. Kb4 {[%emt 0:00:11]} Ra8 {[%emt 0:00:01]} 64. a4 {[%emt 0:00:12]} Ne5 {[%emt 0:00:28]} 65. Rg3 {[%emt 0:00:32]} Rb8+ {[%emt 0:00:27]} 66. Kc3 {[%emt 0:00:03]} Rc8+ {[%emt 0:00:01]} 67. Kb3 {[%emt 0:00:06]} Ke4 {[%emt 0:00:28]} 68. Rc3 {[%emt 0:00:36]} Ra8 {[%emt 0:00:11]} 69. Re2+ {[%emt 0:00:15]} Kd4 {[%emt 0:00:06]} 70. Rd2+ {[%emt 0:00:04]} 1-0

[Event "39th IND-chT 2019"]
[Site "Kolkata"]
[Date "2019.02.09"]
[Round "6.4"]
[White "Stany, G.A."]
[Black "Karthikeyan, Murali"]
[Result "1/2-1/2"]
[WhiteElo "2517"]
[BlackElo "2560"]
[Annotator "ChessBase"]
[PlyCount "120"]
[EventDate "2019.??.??"]
[EventCountry "IND"]
[SourceTitle "playchess.com"]
[Source "ChessBase"]
[SourceQuality "1"]
[TimeControl "5400+30"]

1. e4 {[%emt 0:00:00]} e5 {[%emt 0:00:53]} 2. Nf3 {[%emt 0:00:04]} Nc6 {[%emt 0:00:06]} 3. Bb5 {[%emt 0:00:06]} Nf6 {[%emt 0:01:03]} 4. d3 {[%emt 0:00:46]} d6 {[%emt 0:01:24]} 5. c3 {[%emt 0:01:55]} g6 {[%emt 0:00:31]} 6. O-O {[%emt 0:03:08]} Bg7 {[%emt 0:00:04]} 7. Re1 {[%emt 0:00:05]} O-O {[%emt 0:01:27]} 8. Nbd2 {[%emt 0:00:03]} Bd7 {[%emt 0:11:09]} 9. Ba4 {[%emt 0:01:01]} Re8 {[%emt 0:02:54]} 10. Nf1 {[%emt 0:00:48]} h6 {[%emt 0:02:44]} 11. Ng3 {[%emt 0:00:26]} d5 {[%emt 0:09:19]} 12. h3 {[%emt 0:02:15]} Na5 {[%emt 0:17:18]} 13. d4 {[%emt 0:09:43]} exd4 {[%emt 0:16:23]} 14. e5 {[%emt 0:00:48]} dxc3 {[%emt 0:01:05]} 15. exf6 {[%emt 0:01:22]} Bxa4 {[%emt 0:02:18]} 16. Qxa4 {[%emt 0:01:11]} Rxe1+ {[%emt 0:00:23]} 17. Nxe1 {[%emt 0:00:12]} Qxf6 {[%emt 0:00:10]} 18. Rb1 {[%emt 0:10:11]} Nc4 {[%emt 0:06:58]} 19. bxc3 {[%emt 0:06:31]} Qxc3 {[%emt 0:00:14]} 20. Qd1 {[%emt 0:03:05]} b6 {[%emt 0:04:22]} 21. Qxd5 {[%emt 0:11:53]} Qxe1+ {[%emt 0:14:22]} 22. Nf1 {[%emt 0:00:22]} Re8 {[%emt 0:01:30]} 23. Qxc4 {[%emt 0:00:05]} Re4 {[%emt 0:00:51]} 24. Qb3 {[%emt 0:01:56]} Qa5 {[%emt 0:03:39]} 25. Be3 {[%emt 0:04:57]} Qa4 {[%emt 0:00:31]} 26. Rd1 {[%emt 0:14:32]} Qxb3 {[%emt 0:00:13]} 27. Rd8+ {[%emt 0:01:42]} Kh7 {[%emt 0:00:02]} 28. axb3 {[%emt 0:00:05]} Bf6 {[%emt 0:01:11]} 29. Ra8 {[%emt 0:03:39]} a5 {[%emt 0:00:34]} 30. Ra7 {[%emt 0:06:41]} Bd8 {[%emt 0:00:41]} 31. Ra8 {[%emt 0:04:37]} Bf6 {[%emt 0:00:09]} 32. Rc8 {[%emt 0:04:42]} Re7 {[%emt 0:00:37]} 33. Bf4 {[%emt 0:00:49]} c5 {[%emt 0:00:28]} 34. Rc6 {[%emt 0:02:33]} Re6 {[%emt 0:00:47]} 35. Rxe6 {[%emt 0:00:10]} fxe6 {[%emt 0:00:01]} 36. Bc7 {[%emt 0:01:11]} c4 {[%emt 0:00:05]} 37. Bxb6 {[%emt 0:00:47]} cxb3 {[%emt 0:00:10]} 38. Bxa5 {[%emt 0:00:04]} Bg5 {[%emt 0:00:07]} 39. Bc3 {[%emt 0:00:50]} Bc1 {[%emt 0:00:05]} 40. Ng3 {[%emt 0:02:14]} b2 {[%emt 0:00:06]} 41. Bxb2 {[%emt 0:00:03]} Bxb2 {[%emt 0:00:04]} 42. Kf1 {[%emt 0:00:15]} Kg7 {[%emt 0:02:32]} 43. Ne4 {[%emt 0:00:05]} Kf7 {[%emt 0:00:36]} 44. Ke2 {[%emt 0:00:04]} e5 {[%emt 0:01:15]} 45. Nc5 {[%emt 0:03:45]} Bd4 {[%emt 0:00:22]} 46. Ne4 {[%emt 0:00:28]} Ke6 {[%emt 0:00:12]} 47. Kd3 {[%emt 0:00:16]} Kd5 {[%emt 0:00:49]} 48. f3 {[%emt 0:00:45]} Bb2 {[%emt 0:00:34]} 49. Nf6+ {[%emt 0:00:39]} Ke6 {[%emt 0:00:02]} 50. Ng4 {[%emt 0:00:07]} h5 {[%emt 0:00:11]} 51. Ne3 {[%emt 0:00:55]} Bc1 {[%emt 0:01:05]} 52. Nf1 {[%emt 0:00:34]} h4 {[%emt 0:00:40]} 53. Nh2 {[%emt 0:00:19]} Kf5 {[%emt 0:00:10]} 54. Ng4 {[%emt 0:00:13]} Kf4 {[%emt 0:00:35]} 55. Ke2 {[%emt 0:00:10]} e4 {[%emt 0:00:07]} 56. fxe4 {[%emt 0:00:19]} Kxe4 {[%emt 0:00:01]} 57. Nf2+ {[%emt 0:00:30]} Kf4 {[%emt 0:01:35]} 58. Nd3+ {[%emt 0:00:17]} Kg3 {[%emt 0:00:01]} 59. Kf1 {[%emt 0:00:18]} Be3 {[%emt 0:00:15]} 60. Ne5 {[%emt 0:00:40]} g5 {[%emt 0:00:09]} 1/2-1/2

[Event "39th IND-chT 2019"]
[Site "Kolkata"]
[Date "2019.02.09"]
[Round "6.5"]
[White "Bakre, Tejas"]
[Black "Karthikeyan, P.."]
[Result "1/2-1/2"]
[WhiteElo "2443"]
[BlackElo "2451"]
[Annotator "TA"]
[PlyCount "40"]
[EventDate "2019.??.??"]
[EventCountry "IND"]
[SourceTitle "playchess.com"]
[Source "ChessBase"]
[SourceQuality "1"]

{[%evp 9,40,0,0,-13,7,10,37,1,23,0,24,0,-6,-19,0,0,0,0,0,0,7,0,0,-15,0,0,0,4,37,15,35,42,35]} 1. d4 Nf6 2. Bf4 g6 3. Nc3 d5 4. e3 Bg7 5. h4 c6 6. Be2 {A45: Trompowsky Attack} h6 7. Nf3 a5 $146 ({Predecessor:} 7... Qa5 8. Qd2 Bg4 9. Ne5 Bxe2 10. Qxe2 Qa6 11. Qf3 {½-½ (44) Eljanov,P (2765)-Radjabov,T (2726) Shamkir 2016}) 8. Ne5 Nfd7 9. Nf3 b5 {[%cal Bb7b5,Bb5b4][%mdl 32]} 10. a4 b4 11. Nb1 O-O 12. Nbd2 c5 13. c4 cxd4 14. exd4 dxc4 15. Nxc4 Nb6 16. Qd2 Nxc4 17. Bxc4 h5 $1 18. O-O Ba6 19. Rac1 e6 20. Rfd1 Bxc4 {Accuracy: White = 51%, Black = 31%.} 1/2-1/2

[Event "39th IND-chT 2019"]
[Site "Kolkata"]
[Date "2019.02.09"]
[Round "6.6"]
[White "Swapnil, S. Dhopade"]
[Black "Satyapragyan, Swayangsu"]
[Result "1/2-1/2"]
[WhiteElo "2488"]
[BlackElo "2381"]
[Annotator "ChessBase"]
[PlyCount "63"]
[EventDate "2019.??.??"]
[EventCountry "IND"]
[SourceTitle "playchess.com"]
[Source "ChessBase"]
[SourceQuality "1"]
[TimeControl "5400+30"]

1. Nf3 {[%emt 0:00:00]} Nf6 {[%emt 0:00:58]} 2. g3 {[%emt 0:00:00]} b5 {[%emt 0:00:30]} 3. Na3 {[%emt 0:00:00]} a6 {[%emt 0:00:24]} 4. c4 {[%emt 0:00:10]} e6 {[%emt 0:08:15]} 5. b3 {[%emt 0:08:10]} b4 {[%emt 0:03:54]} 6. Nc2 {[%emt 0:00:02]} Bb7 {[%emt 0:00:05]} 7. Bg2 {[%emt 0:05:41]} Be7 {[%emt 0:00:28]} 8. a3 {[%emt 0:00:20]} a5 {[%emt 0:04:54]} 9. axb4 {[%emt 0:05:12]} axb4 {[%emt 0:00:09]} 10. Rxa8 {[%emt 0:00:03]} Bxa8 {[%emt 0:00:02]} 11. d4 {[%emt 0:00:06]} O-O {[%emt 0:00:52]} 12. O-O {[%emt 0:01:55]} c5 {[%emt 0:04:51]} 13. Bb2 {[%emt 0:06:04]} Na6 {[%emt 0:01:58]} 14. e3 {[%emt 0:16:08]} Qb6 {[%emt 0:05:52]} 15. Qe2 {[%emt 0:08:11]} d6 {[%emt 0:07:56]} 16. Ra1 {[%emt 0:00:13]} Ne4 {[%emt 0:03:20]} 17. Nfe1 {[%emt 0:09:37]} Bb7 {[%emt 0:04:56]} 18. Nd3 {[%emt 0:04:39]} Nc3 {[%emt 0:09:17]} 19. Qe1 {[%emt 0:01:43]} Bxg2 {[%emt 0:06:07]} 20. Kxg2 {[%emt 0:00:09]} Rb8 {[%emt 0:01:35]} 21. Nc1 {[%emt 0:13:39]} Ne4 {[%emt 0:04:30]} 22. f3 {[%emt 0:00:04]} Nf6 {[%emt 0:00:14]} 23. e4 {[%emt 0:05:28]} cxd4 {[%emt 0:05:00]} 24. Bxd4 {[%emt 0:00:18]} Qb7 {[%emt 0:02:55]} 25. Ra5 {[%emt 0:04:37]} Nd7 {[%emt 0:10:17]} 26. Rb5 {[%emt 0:00:05]} Qc8 {[%emt 0:00:36]} 27. Rxb8 {[%emt 0:00:03]} Qxb8 {[%emt 0:03:11]} 28. Nd3 {[%emt 0:00:02]} e5 {[%emt 0:02:39]} 29. Be3 {[%emt 0:05:56]} Ndc5 {[%emt 0:00:26]} 30. Bxc5 {[%emt 0:03:58]} Nxc5 {[%emt 0:01:50]} 31. Nc1 {[%emt 0:00:10]} Bg5 {[%emt 0:01:01]} 32. Na2 1/2-1/2

[Event "39th IND-chT 2019"]
[Site "Kolkata"]
[Date "2019.02.09"]
[Round "6.9"]
[White "Mitrabha, Guha"]
[Black "Aronyak Ghosh"]
[Result "1/2-1/2"]
[WhiteElo "2340"]
[BlackElo "2324"]
[Annotator "TA"]
[PlyCount "62"]
[EventDate "2019.??.??"]
[EventCountry "IND"]
[SourceTitle "playchess.com"]
[Source "ChessBase"]
[SourceQuality "1"]

{[%evp 17,62,31,25,0,0,0,8,0,31,2,51,28,50,56,47,47,47,49,47,56,81,83,62,66,83,72,79,67,77,0,0,0,17,0,0,-8,0,0,0,-5,-10,-10,-10,-10,-6,-8,-9]} 1. Nf3 Nf6 2. g3 c5 3. Bg2 g6 4. O-O Bg7 5. c4 O-O 6. Nc3 Nc6 7. d4 cxd4 8. Nxd4 Qa5 9. Nb3 Qh5 10. e4 {A39: Symmetrical English vs ...g6: 4 Bg2 Bg7 5 Nf3 Nf6 6 0-0 0-0 7 d4} (10. c5 a5 11. e3 a4 12. Nd4 Qxc5 13. Nxa4 Qa5 14. b3 e5 15. Bd2 Qa6 16. Nc5 Qa7 17. Nxc6 dxc6 {0-1 (70) Fedoseev,V (2718)-Svidler,P (2765) St Petersburg 2017}) 10... d6 11. Qxh5 Nxh5 12. c5 Rd8 13. Be3 $146 ({Predecessor:} 13. cxd6 exd6 14. Be3 Be6 15. Rfd1 Nf6 16. Nd4 Nxd4 17. Bxd4 Ne8 18. Bxg7 Kxg7 19. Rd2 {½-½ (19) Papp,G (2597)-Banusz,T (2607) Ajka 2018}) 13... Be6 14. Rfd1 Nb4 15. cxd6 Nc2 16. dxe7 Re8 17. Rac1 Nxe3 18. fxe3 Bxb3 19. axb3 {[#] Nd5 is the strong threat.} Bxc3 20. bxc3 Rxe7 21. Rd6 Kg7 22. e5 Rxe5 23. Bxb7 ({White should play} 23. Rf1 $16 {aiming for g4.} Re6 24. Rxe6 (24. Bxb7 Rb8 $14) 24... fxe6 25. Ra1 (25. Bxb7 Rb8 $11)) 23... Rb8 $11 {The position is equal.} 24. Bd5 {Black should prevent Rd7.} Nf6 25. Bc4 Rb7 26. Rd3 Rbe7 27. Ra1 Ng4 28. Bd5 Nxe3 29. Bf3 Nc2 30. Rf1 $1 Ne1 31. Rd1 Nxf3+ {Accuracy: White = 39%, Black = 61%.} 1/2-1/2